000 00738cam a2200265 4500
001 M73
008 090401t1991 xxu||||| |||| 00| 0 eng d
035 _a(Sirsi) u39646
041 _aeng
050 _a333.335076
090 _aRICS 1991/55ABC
110 _aRoyal Institution of Chartered Surveyors
_94900
245 _aRules and guide to the assessment of professional competence: Rural Practice June 1991
260 _aLondon
_bRICS
_c1991
300 _a22p. ; 30cm.
350 _a0
650 _aAPC
_96216
650 _aAPC
_96216
650 _aLAND AGENCY
650 _aRURAL PRACTICE
690 _aMANAGEMENT-BUSINESS MANAGEMENT-PROFESSIONAL PRACTICE
690 _aRURAL PRACTICE
942 _n0
948 _c04/03/1997
999 _c90821
_d90821